00452nam a2200145Ia 4500082001200000100001100012245006100023260004200084300000800126504003900134650004200173650002400215650004300239710002400282 aTU.0040 aUma P. 0aDemographic transition and the aged population in Kerala c2011bUniversity of Calicut, Thrissur a279 aincludes appendix and bibliography aDemographic transitionzIndiazKerala aAgedzIndiazKerala aAgedvGovernment policyzIndiazKerala aLakshmy Devi, K. R.